[Event "Polonia Wroclaw Masters Cup-IM"]
[Site "Wroclaw"]
[Date "2019.04.28"]
[Round "1.1"]
[White "Czopor, Maciej"]
[Black "Krzywda, Andrzej"]
[Result "1/2-1/2"]
[WhiteElo "2229"]
[BlackElo "2195"]
[Annotator "NA"]
[PlyCount "77"]
[EventDate "2019.04.28"]
[EventType "tourn"]
[EventCountry "POL"]
[SourceTitle "playchess.com"]
[Source "ChessBase"]
[SourceQuality "1"]
[TimeControl "40/5400+30:900+30"]

1. e4 {[%emt 0:00:00]} c5 {[%emt 0:00:00]} 2. Nf3 {[%emt 0:00:00]} e6 {[%emt 0:00:07]} 3. d4 {[%emt 0:00:01]} cxd4 {[%emt 0:00:05]} 4. Nxd4 {[%emt 0:00:15]} Nf6 {[%emt 0:00:19]} 5. Nc3 {[%emt 0:00:21]} d6 {[%emt 0:00:12]} 6. g4 {[%emt 0:00:47]} h6 {[%emt 0:00:58]} 7. g5 {[%emt 0:00:54]} hxg5 {[%emt 0:01:09]} 8. Bxg5 {[%emt 0:00:39]} Nc6 {[%emt 0:01:16]} 9. Qd2 {[%emt 0:01:10]} Qb6 {[%emt 0:01:59]} 10. Nb3 {[%emt 0:00:43]} a6 {[%emt 0:01:08]} 11. O-O-O {[%emt 0:03:03]} Bd7 {[%emt 0:01:37]} 12. h4 {[%emt 0:05:12]} Be7 {[%emt 0:04:47]} 13. f4 {[%emt 0:03:42] B81: Sicilian Scheveningen: Keres Attack} (13. Be2 Qc7 14. h5 O-O-O 15. Kb1 Kb8 16. Be3 Bc8 17. f4 b5 18. Bf3 Bb7 19. Rhg1 Bf8 20. Qf2 Nd7 21. Be2 {1-0 (50) Aravindh,C (2543)-Arjun,K (2292) Bhubaneswar 2016}) 13... O-O-O {[%emt 0:07:13]} 14. Be2 {[%emt 0:02:25]} Kb8 {[%emt 0:04:32]} 15. h5 {[%emt 0:03:19]} Bc8 {[%emt 0:04:41]} 16. Bf3 {[%emt 0:02:32]} Na5 {[%emt 0:16:42]} 17. Qe2 $146 {[%emt 0:02:07]} ({Predecessor:} 17. Nxa5 Qxa5 18. Qe3 Bd7 19. Bh4 Bc6 20. Bf2 {½-½ (35) Browne,W-Hutchings,S Nice 1974}) 17... Nxb3+ {[%emt 0:03:36]} 18. axb3 {[%emt 0:00:15]} Ng8 {[%emt 0:07:25]} 19. Rhg1 {[%emt 0:03:17]} Bf6 {[%emt 0:02:27]} 20. Rg2 {[%emt 0:10:51]} Nh6 {[%emt 0:01:41]} 21. Rd3 {[%emt 0:01:18]} Rhe8 {[%emt 0:05:20]} 22. Qd1 {[%emt 0:03:09]} Qc5 $16 {[%emt 0:07:40]} 23. Kb1 {[%emt 0:03:54]} b5 {[%emt 0:03:58]} 24. Bxf6 {[%emt 0:01:59]} gxf6 {[%emt 0:00:04]} 25. Rgd2 {[%emt 0:01:47]} Rg8 {[%emt 0:00:54]} 26. Ne2 {[%emt 0:01:03]} Bb7 {[%emt 0:03:24]} 27. Rxd6 {[%emt 0:01:21]} Rxd6 {[%emt 0:03:22]} 28. Rxd6 {[%emt 0:00:12]} f5 {[%emt 0:02:40]} 29. Rd8+ {[%emt 0:13:53]} Rxd8 {[%emt 0:01:21]} 30. Qxd8+ {[%emt 0:00:26]} Ka7 {[%emt 0:00:15]} 31. Qd3 {[%emt 0:00:24]} fxe4 {[%emt 0:02:40]} 32. Bxe4 {[%emt 0:00:35]} Bxe4 {[%emt 0:00:31]} 33. Qxe4 {[%emt 0:00:08]} Qxh5 {[%emt 0:00:35]} 34. Qd4+ {[%emt 0:01:28]} Kb7 {[%emt 0:00:54]} 35. Qd7+ {[%emt 0:00:13]} Kb6 {[%emt 0:01:54]} 36. Qd8+ {[%emt 0:02:14]} Kb7 {[%emt 0:01:17]} 37. Qd7+ {[%emt 0:13:33]} Kb6 {[%emt 0:00:14]} 38. Qd6+ {[%emt 0:00:19]} Kb7 {[%emt 0:00:07]} 39. Qd7+ {[%emt 0:00:53]} 1/2-1/2

[Event "Polonia Wroclaw Masters Cup-IM"]
[Site "Wroclaw"]
[Date "2019.04.28"]
[Round "1.2"]
[White "Frolov, Artur"]
[Black "Martynyuk, Elizaveta"]
[Result "1-0"]
[WhiteElo "2440"]
[BlackElo "2141"]
[Annotator "TA"]
[PlyCount "111"]
[EventDate "2019.04.28"]
[EventType "tourn"]
[EventCountry "POL"]
[SourceTitle "playchess.com"]
[Source "ChessBase"]
[SourceQuality "1"]

{[%evp 23,110,31,28,23,9,6,8,10,10,8,16,8,27,13,40,48,45,0,0,0,30,23,25,28,72,76,133,51,173,20,22,2,19,9,14,22,40,52,61,45,60,-1,-11,-6,-17,-17,-16,-24,-30,-23,0,0,91,90,158,158,158,155,215,224,350,356,379,218,215,227,247,247,269,225,212,164,178,141,368,353,312,346,839,809,6003,5097,29965,29960,29979,29980,29998,29999,29999]} 1. d4 d5 2. Nf3 Nf6 3. c4 c6 4. Nc3 dxc4 5. a4 Bf5 6. e3 e6 7. Bxc4 Bb4 8. O-O O-O 9. Qb3 Qb6 10. h3 Nbd7 11. Nh4 Bg6 12. Nxg6 hxg6 13. Na2 {D18: Slav Defence: 5 a4 Bf5 6 e3} (13. Rd1 Rad8 14. Bd2 Ba5 15. Rac1 c5 16. d5 Bxc3 17. Bxc3 Qxb3 18. Bxb3 Nxd5 19. Bxd5 exd5 20. Rxd5 Nb6 21. Rxc5 Nxa4 {1-0 (45) Ponomariov,R (2706)-Najer,E (2687) Dortmund 2016}) 13... Be7 14. Qxb6 $146 ({Predecessor:} 14. Bd2 Ne4 15. Bc3 Qxb3 16. Bxb3 a5 17. Rfd1 Rfc8 18. Be1 b5 19. Nc3 Nd6 20. Kf1 b4 {½-½ (89) Stepins,E (2217)-Esipenko,A (2403) Liepaja 2015}) 14... Nxb6 15. Bb3 {The position is equal.} Rfd8 16. Rd1 c5 17. dxc5 Rxd1+ 18. Bxd1 Rd8 19. Bf3 Bxc5 20. a5 Nc4 21. Nc3 Ne5 22. Bxb7 Bb4 {Strongly threatening ...Bxc3.} 23. Kf1 Nd3 24. a6 $1 Nd7 (24... Nc5 $142) 25. e4 (25. Nb5 $1 $16 {[%cal Rb5a7]} N3c5 26. Nxa7) 25... Bc5 {[#]} (25... Bxc3 $14 26. bxc3 Nxc1) 26. Nd1 $2 (26. Nb5 $1 $18) 26... N7e5 $11 27. b3 Rd6 28. Be3 Rb6 29. Rc1 Bxe3 30. Rc8+ Kh7 {Threatens to win with ...Bd4.} 31. Nxe3 Rxb3 32. g3 ({White should try} 32. Ng4 $14) 32... Rb2 33. Rc2 Rb1+ 34. Ke2 Nc1+ 35. Kd2 Nb3+ 36. Kc3 Nc5 37. Kd4 Nxb7 (37... Ncd7 $1 $11 {keeps the balance.}) 38. Kxe5 {[%mdl 4096] Endgame KRN-KRN} Rb5+ {[#]} (38... f6+ $142 39. Kxe6 Rb6+ 40. Ke7 Nd6) 39. Kd4 $1 $16 e5+ 40. Kd3 Nd8 (40... Nd6 $16) 41. Rc7 $18 Rb6 (41... Ra5 $142 42. Rxa7 Ra4) 42. Rxa7 Nc6 43. Rxf7 (43. Nd5 $142 Rb3+ 44. Kc4) 43... Rxa6 44. Nc4 Ra2 45. Rc7 Nd8 46. Nxe5 Rxf2 47. Ke3 Ra2 48. Re7 Ra3+ $2 (48... g5 $16 49. Kd4 Ra4+ 50. Kd5 Ra5+ 51. Kd6 Ra6+ 52. Kc5 Ra3) 49. Kf4 g5+ 50. Kg4 Ra4 $2 (50... Rc3 51. Nf3 (51. Kxg5 Rxg3+ 52. Kh4 Re3 $16) 51... Kh6 52. Nxg5 Nc6) 51. Nf3 Kg6 52. Nxg5 Ra5 53. h4 {White mates.} Ra6 54. Re8 Rd6 55. h5+ Kf6 56. e5# {Accuracy: White = 59%, Black = 31%.} 1-0

[Event "Polonia Wroclaw Masters Cup-IM"]
[Site "Wroclaw"]
[Date "2019.04.28"]
[Round "1.3"]
[White "Stachowiak, Kamil"]
[Black "Odnorozhenko, Evgenyi"]
[Result "1-0"]
[WhiteElo "2439"]
[BlackElo "2275"]
[Annotator "TA"]
[PlyCount "57"]
[EventDate "2019.04.28"]
[EventType "tourn"]
[EventCountry "POL"]
[SourceTitle "playchess.com"]
[Source "ChessBase"]
[SourceQuality "1"]

{[%evp 17,57,15,14,11,24,10,19,21,24,24,22,15,17,12,29,6,11,0,13,10,61,63,62,78,76,33,50,13,42,0,364,355,493,491,473,487,476,440,1127,1113,1053,1005]} 1. c4 b6 2. b3 Bb7 3. Bb2 Nf6 4. e3 e6 5. Nf3 Be7 6. Be2 O-O 7. O-O c5 8. d4 cxd4 9. Nxd4 Nc6 10. Bf3 {A30: Symmetrical English: Double Fianchetto and Hedgehog} Qb8 11. Nc3 Nxd4 12. Bxb7 {The position is equal.} Qxb7 13. Qxd4 Rfd8 $146 ({Predecessor:} 13... a6 14. a4 Rfd8 {1-0 (26) Hennig,D (2430)-Sandner,G (2374) Germany 1999}) 14. Rfd1 d6 15. h3 Bf8 16. e4 a6 17. e5 Ne8 $1 18. Ne4 $36 {[%cal Re5d6][%mdl 2048] White has good play.} Qc7 (18... dxe5 $11 19. Qxd8 (19. Qxe5 Qc6 $11) 19... Rxd8 20. Rxd8 Qc6) 19. exd6 $1 $14 Nxd6 20. Nf6+ Kh8 21. Qf4 (21. Qh4 $5 {[%cal Rh4h7]} h6 22. Qf4 $14) 21... Qb7 22. Qh4 {[%csl Gf6][%cal Rh4h7]} h6 23. Ng4 {White threatens Qxh6+ and mate.} f6 $2 {[%mdl 8192] [#]} (23... Kh7 $1 $11) 24. Nxh6 $1 $18 {[%mdl 576] Deflection} gxh6 25. Bxf6+ {White is clearly winning.} Bg7 26. Bxd8 Nf5 27. Qh5 {Strongly threatening Qe8+.} Bxa1 (27... Kh7 $142 28. Rac1 Bd4) 28. Qe8+ {[%mdl 64] [#] Double Attack} Kh7 29. Rd7+ {Accuracy: White = 84%, Black = 34%.} 1-0

[Event "Polonia Wroclaw Masters Cup-IM"]
[Site "Wroclaw"]
[Date "2019.04.28"]
[Round "1.4"]
[White "Baum, Jonasz"]
[Black "Praczukowski, Stanislaw"]
[Result "1-0"]
[WhiteElo "2290"]
[BlackElo "2190"]
[Annotator "NA"]
[PlyCount "85"]
[EventDate "2019.04.28"]
[EventType "tourn"]
[EventCountry "POL"]
[SourceTitle "playchess.com"]
[Source "ChessBase"]
[SourceQuality "1"]
[TimeControl "40/5400+30:900+30"]

1. d4 {[%emt 0:00:00]} d5 {[%emt 0:00:00]} 2. c4 {[%emt 0:00:13]} e6 {[%emt 0:00:08]} 3. Nf3 {[%emt 0:00:06]} a6 {[%emt 0:00:17]} 4. Nbd2 {[%emt 0:00:23]} (4. e3 Nf6 5. Nc3 dxc4 6. Bxc4 b5 7. Be2 Bb7 8. O-O Nbd7 9. b3 c5 10. Bb2 Be7 11. Rc1 O-O 12. Qc2 Rc8 13. Qb1 Qb6 14. Rfd1 Rfd8 15. h3 h6 16. dxc5 Nxc5 17. Rxd8+ Rxd8 {0-1 (59) Mamedyarov,S (2817)-Carlsen,M (2835) St Petersburg 2018}) 4... dxc4 {[%emt 0:01:16]} 5. Nxc4 {[%emt 0:00:04]} b5 {[%emt 0:00:14]} 6. Nce5 {[%emt 0:00:08] D30: Queen's Gambit Declined: Systems without Nc3} Bb7 {[%emt 0:00:25]} 7. e3 {[%emt 0:06:23]} Nf6 {[%emt 0:03:17]} 8. Bd3 $146 {[%emt 0:01:59]} ({Predecessor:} 8. a4 Qd5 9. Bd3 Be7 10. Qe2 b4 11. Bc4 Qe4 12. Nxf7 {1-0 (12) Fischer,M (2224)-Chiaretti,R (2195) Rome 2009}) 8... Bd6 {[%emt 0:05:27]} 9. O-O {[%emt 0:00:10]} O-O {[%emt 0:02:09]} 10. Qc2 {[%emt 0:01:12]} Bxf3 {[%emt 0:13:41]} 11. Nxf3 {[%emt 0:01:52]} Nbd7 {[%emt 0:00:14]} 12. e4 {[%emt 0:14:17]} e5 {[%emt 0:02:41]} 13. d5 {[%emt 0:01:46]} Nh5 {[%emt 0:12:51]} 14. g3 {[%emt 0:04:01]} Qf6 {[%emt 0:07:36]} 15. Be2 {[%emt 0:06:23]} g6 {[%emt 0:07:36]} 16. Bh6 {[%emt 0:05:04]} Rfe8 {[%emt 0:00:52]} 17. Be3 {[%emt 0:01:23]} Qe7 {[%emt 0:08:04]} 18. Rac1 {[%emt 0:05:20]} Ng7 {[%emt 0:03:47]} 19. Nh4 {[%emt 0:07:25]} Rf8 {[%emt 0:08:40]} 20. Bd3 {[%emt 0:01:21]} Nh5 {[%emt 0:04:28]} 21. Ng2 {[%emt 0:01:01]} Ng7 {[%emt 0:03:24]} 22. f3 {[%emt 0:14:02]} f5 {[%emt 0:01:20]} 23. Qc6 {[%emt 0:05:04]} f4 {[%emt 0:03:43]} 24. Bf2 {[%emt 0:03:26]} fxg3 {[%emt 0:01:08]} 25. hxg3 {[%emt 0:00:15]} Nh5 {[%emt 0:04:22]} 26. Be2 {[%emt 0:01:57]} Kh8 {[%emt 0:00:49]} 27. a3 {[%emt 0:04:57]} Ndf6 {[%emt 0:01:12]} 28. b4 {[%emt 0:01:26]} Ng8 {[%emt 0:00:29]} 29. g4 {[%emt 0:02:51]} Nf4 {[%emt 0:01:39]} 30. Nxf4 {[%emt 0:00:02]} exf4 {[%emt 0:00:05]} 31. Bd4+ {[%emt 0:00:23]} Be5 {[%emt 0:01:45]} 32. Qc3 {[%emt 0:01:36]} Bxd4+ {[%emt 0:01:46]} 33. Qxd4+ {[%emt 0:00:02]} Qf6 {[%emt 0:00:33]} 34. Qxf6+ {[%emt 0:01:23]} Nxf6 {[%emt 0:00:02]} 35. Rxc7 {[%emt 0:00:11]} Rfe8 {[%emt 0:00:17]} 36. Kf2 {[%emt 0:00:55]} h5 {[%emt 0:00:12]} 37. gxh5 {[%emt 0:03:36]} g5 {[%emt 0:00:04]} 38. Rf7 {[%emt 0:01:11]} Ng8 {[%emt 0:00:22]} 39. Rf5 {[%emt 0:00:28]} Rac8 {[%emt 0:00:52]} 40. d6 {[%emt 0:00:00]} Rcd8 {[%emt 0:00:00]} 41. Rd1 {[%emt 0:04:54]} Re6 {[%emt 0:01:42]} 42. d7 {[%emt 0:04:09]} Re7 $18 {[%emt 0:00:14]} 43. Rxg5 {[%emt 0:01:22]} 1-0

[Event "Polonia Wroclaw Masters Cup-IM"]
[Site "Wroclaw"]
[Date "2019.04.28"]
[Round "1.5"]
[White "Mahitosh Dey"]
[Black "Fiedorek, Michal"]
[Result "1/2-1/2"]
[WhiteElo "2187"]
[BlackElo "2075"]
[Annotator "NA"]
[PlyCount "114"]
[EventDate "2019.04.28"]
[EventType "tourn"]
[EventCountry "POL"]
[SourceTitle "playchess.com"]
[Source "ChessBase"]
[SourceQuality "1"]
[TimeControl "40/5400+30:900+30"]

1. e4 c5 2. Nf3 d6 3. d4 cxd4 4. Nxd4 Nf6 5. Nc3 Nc6 6. f3 e5 7. Nb3 Be7 8. Be3 O-O 9. Be2 a5 10. Nd5 {[%emt 0:08:33]} Nxd5 11. exd5 Nb8 12. O-O Bg5 {[%emt 0:20:16]} 13. Bf2 {[%emt 0:01:08]} Nd7 {[%emt 0:07:36]} 14. Nd2 {[%emt 0:01:51]} Qc7 {[%emt 0:04:17]} 15. Ne4 {[%emt 0:01:01]} Bh6 {[%emt 0:01:56]} 16. c4 {[%emt 0:00:30]} b6 {[%emt 0:01:19]} 17. Qa4 {[%emt 0:03:40]} f5 {[%emt 0:09:58]} 18. Nc3 {[%emt 0:04:28]} Ba6 {[%emt 0:02:25]} 19. Qc6 {[%emt 0:02:40]} Rac8 {[%emt 0:04:18]} 20. Qxc7 {[%emt 0:00:05]} Rxc7 {[%emt 0:00:05]} 21. b3 {[%emt 0:00:08]} Nc5 {[%emt 0:08:30]} 22. Rfd1 {[%emt 0:02:49]} g6 {[%emt 0:01:38]} 23. Rab1 {[%emt 0:01:09]} Re8 {[%emt 0:11:32]} 24. b4 {[%emt 0:01:19]} axb4 {[%emt 0:08:43]} 25. Rxb4 {[%emt 0:00:37]} Rb8 {[%emt 0:03:29]} 26. Rdb1 {[%emt 0:03:03]} Bd2 {[%emt 0:07:53]} 27. Rxb6 {[%emt 0:00:53]} Rxb6 {[%emt 0:00:26]} 28. Rxb6 {[%emt 0:00:05]} Bxc3 {[%emt 0:02:35]} 29. Bxc5 {[%emt 0:00:05]} Rxc5 {[%emt 0:05:07]} 30. Rxa6 {[%emt 0:00:08]} Ra5 {[%emt 0:00:06]} 31. Rxa5 {[%emt 0:00:33]} Bxa5 {[%emt 0:00:08]} 32. Kf2 {[%emt 0:00:03]} Kf7 {[%emt 0:02:26]} 33. Ke3 {[%emt 0:00:05]} Ke7 {[%emt 0:00:56]} 34. g4 {[%emt 0:00:56]} f4+ {[%emt 0:00:36]} 35. Ke4 {[%emt 0:00:24]} Bb6 {[%emt 0:00:19]} 36. Kd3 {[%emt 0:00:07]} Kd7 {[%emt 0:00:30]} 37. Kc3 {[%emt 0:00:06]} Bc5 {[%emt 0:00:11]} 38. Bd3 {[%emt 0:00:10]} Kc7 {[%emt 0:00:37]} 39. h4 {[%emt 0:01:01]} Bf2 {[%emt 0:00:47]} 40. h5 {[%emt 0:00:00]} Be1+ {[%emt 0:00:00]} 41. Kc2 {[%emt 0:01:43]} gxh5 {[%emt 0:02:27]} 42. gxh5 {[%emt 0:00:46]} h6 {[%emt 0:00:25]} 43. c5 {[%emt 0:00:03]} dxc5 {[%emt 0:06:19]} 44. Bc4 {[%emt 0:00:04]} e4 {[%emt 0:07:32]} 45. fxe4 {[%emt 0:00:09]} Kd6 {[%emt 0:00:05]} 46. Kb3 {[%emt 0:01:21]} Ke5 {[%emt 0:00:23]} 47. Ka4 {[%emt 0:00:04]} Kxe4 {[%emt 0:00:57]} 48. Kb5 {[%emt 0:00:03]} Kd4 {[%emt 0:00:16]} 49. a4 {[%emt 0:01:47]} f3 {[%emt 0:01:24]} 50. d6 {[%emt 0:00:09]} f2 {[%emt 0:00:57]} 51. d7 {[%emt 0:00:12]} Ba5 {[%emt 0:00:08]} 52. Bf1 {[%emt 0:00:09]} Bd8 {[%emt 0:00:31]} 53. a5 {[%emt 0:00:20]} c4 {[%emt 0:00:05]} 54. Bxc4 {[%emt 0:02:40]} Bxa5 {[%emt 0:00:13]} 55. Bf1 {[%emt 0:00:06]} Bd8 {[%emt 0:00:43]} 56. Kc6 {[%emt 0:00:04]} Ke5 {[%emt 0:00:44]} 57. Kb7 {[%emt 0:00:12]} Kd6 {[%emt 0:00:32]} 1/2-1/2

[Event "Polonia Wroclaw Masters Cup-IM"]
[Site "Wroclaw"]
[Date "2019.04.29"]
[Round "2.1"]
[White "Krzywda, Andrzej"]
[Black "Fiedorek, Michal"]
[Result "1-0"]
[WhiteElo "2195"]
[BlackElo "2075"]
[Annotator "TA"]
[PlyCount "81"]
[EventDate "2019.04.28"]
[EventType "tourn"]
[EventCountry "POL"]
[SourceTitle "playchess.com"]
[Source "ChessBase"]
[SourceQuality "1"]

{[%evp 20,80,16,19,20,19,27,19,25,29,23,31,44,44,45,46,66,62,85,90,108,105,106,105,108,108,133,128,115,118,133,135,135,137,134,137,128,135,134,133,131,133,123,123,115,116,150,156,133,91,122,113,120,120,137,139,139,138,115,47,29980,29981,29999]} 1. d4 Nf6 2. c4 g6 3. Nc3 Bg7 4. e4 d6 5. Nf3 O-O 6. Be2 e5 7. O-O Nc6 8. dxe5 dxe5 9. Bg5 Qxd1 10. Rfxd1 Bg4 11. h3 Bxf3 {E97: King's Indian: Classical Main Line (6...e5 7 0-0 Nc6): 8 Be3 and 8 d5 Ne7, not 9 Ne1} 12. Bxf3 Nd4 13. Nd5 Nxd5 {The position is equal.} 14. cxd5 f6 15. Be3 Nc2 16. Rac1 $36 {[%mdl 2048] White has good play.} Nxe3 17. fxe3 {[#]} Rac8 $146 ({Predecessor:} 17... Rf7 18. Rc3 Bf8 19. Bg4 {½-½ (19) Martinovic,S (2565)-Stevic,H (2616) Mali Losinj 2017}) 18. Rd3 Bh6 19. Kf2 f5 {[#] aiming for ...fxe4.} 20. Ke2 Rf6 21. Rdc3 fxe4 22. Bxe4 c6 23. dxc6 bxc6 24. Bxc6 {Black must now prevent Bd5+.} Rcf8 25. Bd5+ Kh8 26. Rc8 Rf2+ 27. Kd3 Rxb2 28. Rxf8+ Bxf8 $16 {[%mdl 4096] Endgame KRB-KRB} 29. Rc8 Kg7 30. Rc7+ Kh6 31. Rxa7 Bc5 32. Rc7 Bb4 33. Rb7 Rd2+ 34. Kc4 Ba5 35. a4 Rc2+ 36. Kd3 Rd2+ 37. Ke4 Rxg2 38. Bg8 Kg5 39. Rxh7 ({Better is} 39. Re7 $16 Kf6 40. Rf7+ (40. Rxh7 Rb2 $16) (40. Rxe5 Rg5 $16) 40... Kg5 41. Re7 (41. Rxh7 Rb2 $14) (41. Bxh7 Ra2 $11) (41. Kxe5 Rg3 $14)) 39... Rg3 $2 {[%mdl 8192] [#]} (39... Rb2 $14) 40. h4+ Kg4 41. Be6# {Accuracy: White = 87%, Black = 51%.} 1-0

[Event "Polonia Wroclaw Masters Cup-IM"]
[Site "Wroclaw"]
[Date "2019.04.29"]
[Round "2.2"]
[White "Praczukowski, Stanislaw"]
[Black "Mahitosh Dey"]
[Result "1-0"]
[WhiteElo "2190"]
[BlackElo "2187"]
[Annotator "TA"]
[PlyCount "141"]
[EventDate "2019.04.28"]
[EventType "tourn"]
[EventCountry "POL"]
[SourceTitle "playchess.com"]
[Source "ChessBase"]
[SourceQuality "1"]

{[%evp 11,141,8,56,48,62,45,55,42,46,44,55,41,77,67,140,66,58,38,65,35,34,29,86,72,84,69,62,70,64,64,69,58,54,48,74,59,60,17,17,10,37,16,37,22,27,6,7,7,8,8,9,4,4,0,0,0,70,70,70,70,70,70,118,133,230,217,205,177,189,162,187,175,188,173,180,180,573,554,546,533,664,922,2719,2730,29962,556,29964,29965,29965,29966,29966,29959,29972,29966,29967,29968,29968,29968,29968,29970,29967,29966,29962,29960,29965,29964,5093,29947,29964,6079,29973,29974,29975,29976,29976,29977,29977,29978,29978,29979,29979,29979,29980,29979,29978,29979,29982,29981,29983,29984,29987,29988]} 1. d4 d5 2. c4 e6 3. Nf3 Nf6 4. g3 Bb4+ 5. Nbd2 O-O 6. Bg2 Ne4 7. O-O {E01: Catalan: Early deviations} f5 8. Qc2 c6 9. Ne5 {[%cal Rd2e4] White is slightly better.} (9. Ne1 b5 10. cxb5 cxb5 11. Nd3 Bd6 12. Nb3 Bb7 13. f3 Nf6 14. Nbc5 Bxc5 15. Nxc5 Qb6 16. Bf4 {1-0 (44) Babula,V (2538)-Schmittdiel,E (2436) Germany 2019}) 9... Nd7 10. Ndf3 Bd6 11. Nd3 Qf6 12. Bf4 g5 $146 {[#]} (12... Bxf4 $14 13. gxf4 (13. Nxf4 g5 $14) 13... g5) ({Predecessor:} 12... Bxf4 13. Nxf4 Nd6 14. b3 Nf7 15. h4 Rb8 16. Qc1 Re8 17. Qe3 Qe7 18. Nd3 b6 {1-0 (49) Javakhadze,Z (2365)-Kannemeyer,W (1916) Akhisar Manisa 2009}) 13. Bxd6 (13. Nxg5 $1 $16 {[%mdl 512]} Bxf4 (13... Nxg5 14. Bxd6) 14. Nxe4 (14. gxf4 Nxg5 15. fxg5 Qxd4 $14) 14... fxe4 15. Nxf4) 13... Nxd6 $14 14. Nfe5 Nf7 {[%cal Rd7e5]} 15. Nxf7 (15. Nxd7 {is interesting.} Bxd7 16. e3 Rfd8 17. Qb3 Rab8 18. Rfc1) 15... Rxf7 16. e3 b6 (16... dxc4 $11 17. Qxc4 e5) 17. cxd5 cxd5 18. Rfc1 Ba6 19. Nb4 Bb7 $1 20. Qa4 Nf8 21. Nd3 Ng6 22. f4 gxf4 23. exf4 h5 24. Ne5 Nxe5 25. dxe5 Qe7 26. Rc3 Rg7 27. Rac1 h4 28. Qa3 hxg3 29. hxg3 Qxa3 30. Rxa3 Rc8 31. Rxc8+ Bxc8 $11 {[%mdl 4096] Endgame KRB-KRB} 32. Rc3 Bb7 33. Kf2 Kf7 (33... Rh7 $11 34. Rc1 b5) 34. Ra3 $14 a6 $1 35. Rb3 $1 {[%cal Rb3b6]} b5 {[#]} 36. a4 $1 {[%cal Ba2a4,Ba4a5][%mdl 544]} Bc6 (36... bxa4 37. Rxb7+) 37. Rc3 Be8 (37... Bd7 $16) 38. a5 $1 $18 Kf8 39. Rc8 Ra7 40. Ke3 Ke7 {[#]} 41. Bf3 $1 Bd7 42. Rc2 Ra8 {[#]} 43. Rh2 $1 Rc8 $2 (43... Rg8) 44. Rh7+ Kd8 45. Rh8+ Kc7 46. Rxc8+ Bxc8 {KB-KB} 47. b4 Bd7 48. Kd4 (48. g4 $142 fxg4 49. Bxg4 Kd8 50. Kd4 Ke8 51. Kc5 Ke7 52. Be2 Bc8 53. Kc6) 48... Kc6 49. g4 fxg4 50. Bxg4 Kc7 51. Bh5 Bc6 52. Bg6 Bd7 53. Kc5 Bc8 54. Bf7 Kd7 55. Kb6 Kd8 56. Kc6 Ke7 57. Bg6 Bd7+ 58. Kb7 Kd8 59. Bd3 d4 60. Kb6 Kc8 61. Kc5 {White mates.} Kc7 62. Kxd4 Bc8 63. Be4 Bd7 64. Kc5 Be8 65. f5 exf5 66. Bxf5 Bh5 67. Be4 Bg4 68. Bd5 Bd7 69. e6 Bc8 70. e7 Kd7 {[#]} 71. Be6+ $1 {[%mdl 512] Accuracy: White = 68%, Black = 45%.} 1-0

[Event "Polonia Wroclaw Masters Cup-IM"]
[Site "Wroclaw"]
[Date "2019.04.29"]
[Round "2.3"]
[White "Odnorozhenko, Evgenyi"]
[Black "Baum, Jonasz"]
[Result "0-1"]
[WhiteElo "2275"]
[BlackElo "2290"]
[Annotator "TA"]
[PlyCount "76"]
[EventDate "2019.04.28"]
[EventType "tourn"]
[EventCountry "POL"]
[SourceTitle "playchess.com"]
[Source "ChessBase"]
[SourceQuality "1"]

{[%evp 13,76,14,15,8,9,0,0,0,0,0,0,0,0,0,0,-8,0,-38,-27,-36,-27,-55,-14,-12,0,-39,4,-67,5,-66,-54,-63,-47,-46,-48,-77,-66,-127,-123,-125,-121,-196,-208,-175,-169,-269,-262,-264,-255,-258,-252,-291,-272,-371,-367,-370,-351,-400,-382,-471,-420,-419,-422,-402,-389]} 1. e4 c5 2. Nf3 d6 3. Bb5+ Bd7 4. Bxd7+ Qxd7 5. O-O Nf6 6. e5 dxe5 7. Nxe5 Qc8 8. Qf3 {B52: Sicilian: Moscow Variation with 3...Bd7} e6 9. Nc3 (9. b3 Be7 10. Bb2 Nbd7 11. Nc4 O-O 12. Nc3 Qc7 13. a4 Rad8 14. Rfe1 a6 15. a5 Nb8 {1-0 (97) Nakamura,H (2764)-Gelfand,B (2748) Tashkent 2014}) 9... Be7 10. d3 {The position is equal.} O-O 11. Bg5 Nbd7 12. Nc4 Nd5 13. Bxe7 Nxe7 {[#]} 14. Ne4 $146 ({Predecessor:} 14. a4 Nc6 15. Rfe1 Nd4 16. Qd1 Qc6 17. Ne2 Nf5 18. Ng3 Nxg3 19. hxg3 Rfd8 20. Qe2 Nf6 21. Qf3 Qxf3 22. gxf3 {½-½ (22) Sax,G (2508)-Kovacevic,A (2554) Murska Sobota 2007}) 14... Qc6 15. c3 b5 16. Na5 Qb6 17. Nb3 a5 18. d4 c4 19. Nbd2 e5 20. Qh3 (20. a4 $11) 20... Qc6 (20... f5 $15) 21. dxe5 ({White should try} 21. Ng5 $11 h6 22. Ngf3) 21... Nxe5 $15 22. Ng5 {[%csl Gg5][%cal Rh3h7]} h6 23. Ngf3 N7g6 24. Qf5 Rad8 25. Nd4 {[#]} (25. a4 $15) 25... Qxg2+ $1 $17 {[%mdl 576] Decoy} 26. Kxg2 Nh4+ {[%mdl 64] Double Attack} 27. Kg3 (27. Kg1 $17 Nxf5 {[%mdl 64] Pin} 28. Nxc4 Nxc4 29. Nxf5) 27... Nxf5+ $19 28. Nxf5 {And now Nd4 would win.} Rxd2 29. b3 (29. Rfd1 $142 Rxb2 30. Rdb1) 29... Rd3+ 30. Kg2 Rxc3 31. bxc4 Nxc4 32. Rfd1 b4 33. Rd5 Re8 34. Nd4 Re5 35. Rd8+ Kh7 36. Rd1 Nb2 37. Rd2 Nd3 {( -> ...Nf4+)} 38. Ne2 {[#]} Rxe2 $1 {Accuracy: White = 39%, Black = 76%.} 0-1